La hacienda pública en el Bajo Imperio Romano : (Registro nro. 7763)

Detalles MARC
000 -LEADER
fixed length control field 01126nam a2200265Ia 4500
003 - CONTROL NUMBER IDENTIFIER
control field OSt
005 - DATE AND TIME OF LATEST TRANSACTION
control field 20210429102548.0
008 - FIXED-LENGTH DATA ELEMENTS--GENERAL INFORMATION
fixed length control field 210310s2012 sp gr 000 0 spa d
020 ## - INTERNATIONAL STANDARD BOOK NUMBER
International Standard Book Number 9788490310731
040 ## - CATALOGING SOURCE
Original cataloging agency CO-JMCR
Transcribing agency CO-JMCR
041 0# - LANGUAGE CODE
Language code of text/sound track or separate title spa
082 04 - DEWEY DECIMAL CLASSIFICATION NUMBER
Classification number 336.137 /
Item number A639h
Edition number 23
100 1# - MAIN ENTRY--PERSONAL NAME
Personal name Aparicio Pérez, Antonio,
9 (RLIN) 15385
Relator term autor
245 13 - TITLE STATEMENT
Title La hacienda pública en el Bajo Imperio Romano :
Remainder of title (Años 284 a 476 d.C) /
Statement of responsibility, etc. Antonio Aparicio Pérez
260 ## - PUBLICATION, DISTRIBUTION, ETC.
Place of publication, distribution, etc. Madrid :
Name of publisher, distributor, etc. Dykinson,
Date of publication, distribution, etc. 2012
300 ## - PHYSICAL DESCRIPTION
Other physical details 528 páginas ;
Dimensions 21 cm.
490 0# - SERIES STATEMENT
Series statement Colección "Monografías de Derecho Romano"
500 ## - GENERAL NOTE
General note Incluye notas y glosario.
504 ## - BIBLIOGRAPHY, ETC. NOTE
Bibliography, etc. note Bibliografía: páginas [465]-486
505 0# - FORMATTED CONTENTS NOTE
Formatted contents note Delimitación --Principales hechos históricos (Siglos III-V D.C.) -- Los gastos -- Ingresos públicos -- La estructura financiera -- Inmunidades -- Presupuesto -- Control de la actividad financiera -- Hacienda municipal -- Hispania en el bajo imperio -- El fin
650 14 - SUBJECT ADDED ENTRY--TOPICAL TERM
Topical term or geographic name entry element Hacienda pública
9 (RLIN) 15387
Geographic subdivision Roma
650 14 - SUBJECT ADDED ENTRY--TOPICAL TERM
Topical term or geographic name entry element Impuestos
General subdivision Historia
Geographic subdivision Roma
9 (RLIN) 37236
651 #4 - SUBJECT ADDED ENTRY--GEOGRAPHIC NAME
Geographic name Roma
General subdivision Política fiscal
9 (RLIN) 37237
942 ## - ADDED ENTRY ELEMENTS (KOHA)
Source of classification or shelving scheme Dewey Decimal Classification
Koha item type Books
Existencias
Withdrawn status Lost status Source of classification or shelving scheme Damaged status Not for loan Collection code Home library Current library Date acquired Source of acquisition Full call number Barcode Date last seen Copy number Koha item type
    Dewey Decimal Classification     Non-fiction Biblioteca Pública José María del Castillo y Rada Biblioteca Pública José María del Castillo y Rada 04/15/2018 Donación 336.137 / A639h 430004493 05/16/2024 Ej.1 Books